<?xml version="1.0" encoding="UTF-8"?>
<record
    xmlns:xsi="http://www.w3.org/2001/XMLSchema-instance"
    xsi:schemaLocation="http://www.loc.gov/MARC21/slim http://www.loc.gov/standards/marcxml/schema/MARC21slim.xsd"
    xmlns="http://www.loc.gov/MARC21/slim">

  <leader>00898nam a22002297a 4500</leader>
  <controlfield tag="003">OSt</controlfield>
  <controlfield tag="005">20150408113952.0</controlfield>
  <controlfield tag="008">111201s        ua a   | |||| 00| 0 ara d</controlfield>
  <datafield tag="020" ind1=" " ind2=" ">
    <subfield code="a">9771771851</subfield>
  </datafield>
  <datafield tag="040" ind1=" " ind2=" ">
    <subfield code="c">MU</subfield>
  </datafield>
  <datafield tag="082" ind1=" " ind2=" ">
    <subfield code="2">21</subfield>
    <subfield code="a">006.696</subfield>
    <subfield code="b">&#x628; &#x62E; &#x625;</subfield>
  </datafield>
  <datafield tag="100" ind1=" " ind2=" ">
    <subfield code="a">&#x627;&#x644;&#x628;&#x644;&#x642;&#x637;&#x631;&#x64A;&#x60C; &#x62E;&#x627;&#x644;&#x62F;.</subfield>
    <subfield code="9">6757</subfield>
  </datafield>
  <datafield tag="245" ind1=" " ind2=" ">
    <subfield code="a">&#x625;&#x62D;&#x62A;&#x631;&#x641; &#x645;&#x627;&#x64A;&#x627; &#x645;&#x627;&#x643;&#x633; =</subfield>
    <subfield code="b">Maya max : &#x62F;&#x644;&#x64A;&#x644;&#x643; &#x644;&#x62A;&#x635;&#x645;&#x64A;&#x645; &#x623;&#x641;&#x644;&#x627;&#x645; &#x627;&#x644;&#x643;&#x631;&#x62A;&#x648;&#x646; / </subfield>
    <subfield code="c">&#x62E;&#x627;&#x644;&#x62F; &#x627;&#x644;&#x628;&#x644;&#x642;&#x637;&#x631;&#x64A;.</subfield>
  </datafield>
  <datafield tag="246" ind1=" " ind2=" ">
    <subfield code="a">Maya max</subfield>
  </datafield>
  <datafield tag="250" ind1=" " ind2=" ">
    <subfield code="a">&#x637;. 1.</subfield>
  </datafield>
  <datafield tag="260" ind1=" " ind2=" ">
    <subfield code="a">&#x627;&#x644;&#x623;&#x633;&#x643;&#x646;&#x62F;&#x631;&#x64A;&#x629;&#x60C; &#x645;&#x635;&#x631; :</subfield>
    <subfield code="b">&#x645;&#x631;&#x643;&#x632; &#x627;&#x644;&#x623;&#x633;&#x643;&#x646;&#x62F;&#x631;&#x64A;&#x629; &#x644;&#x644;&#x643;&#x62A;&#x627;&#x628;&#x60C;</subfield>
    <subfield code="c">2010.</subfield>
  </datafield>
  <datafield tag="300" ind1=" " ind2=" ">
    <subfield code="a">139 &#x635;. :</subfield>
    <subfield code="b">&#x627;&#x64A;&#x636;. &#x61B;</subfield>
    <subfield code="c">21 &#x633;&#x645; +</subfield>
    <subfield code="e">1 CD-ROM (43/4 in.)</subfield>
  </datafield>
  <datafield tag="650" ind1=" " ind2=" ">
    <subfield code="a">&#x627;&#x644;&#x62D;&#x627;&#x633;&#x628;&#x627;&#x62A; &#x627;&#x644;&#x625;&#x644;&#x643;&#x62A;&#x631;&#x648;&#x646;&#x64A;&#x629;</subfield>
    <subfield code="x">&#x628;&#x631;&#x627;&#x645;&#x62C;.</subfield>
    <subfield code="9">3086</subfield>
  </datafield>
  <datafield tag="650" ind1=" " ind2=" ">
    <subfield code="a">&#x645;&#x627;&#x64A;&#x627; &#x645;&#x627;&#x643;&#x633; (&#x628;&#x631;&#x646;&#x627;&#x645;&#x62C; &#x62D;&#x627;&#x633;&#x628;&#x627;&#x62A;)</subfield>
    <subfield code="9">6760</subfield>
  </datafield>
  <datafield tag="650" ind1=" " ind2=" ">
    <subfield code="a">&#x627;&#x644;&#x631;&#x633;&#x648;&#x645; &#x627;&#x644;&#x645;&#x62A;&#x62D;&#x631;&#x643;&#x629;</subfield>
    <subfield code="x">&#x62A;&#x635;&#x645;&#x64A;&#x645; &#x628;&#x627;&#x644;&#x62D;&#x627;&#x633;&#x648;&#x628;</subfield>
    <subfield code="9">6761</subfield>
  </datafield>
  <datafield tag="942" ind1=" " ind2=" ">
    <subfield code="2">ddc</subfield>
    <subfield code="c">BOOK</subfield>
  </datafield>
  <datafield tag="999" ind1=" " ind2=" ">
    <subfield code="c">19088</subfield>
    <subfield code="d">253588</subfield>
  </datafield>
  <datafield tag="952" ind1=" " ind2=" ">
    <subfield code="1">0</subfield>
    <subfield code="2">2013-03-10</subfield>
    <subfield code="4">0</subfield>
    <subfield code="7">0</subfield>
    <subfield code="a">006.696 &#xC3;&#x98;&#xC2;&#xA8; &#xC3;&#x98;&#xC2;&#xAE; &#xC3;&#x98;&#xC2;&#xA5;</subfield>
    <subfield code="d">2011-12-01</subfield>
    <subfield code="h">IC</subfield>
    <subfield code="i">00101413</subfield>
    <subfield code="m">IC</subfield>
    <subfield code="r">2013-03-10 00:00:00</subfield>
    <subfield code="t">BOOK</subfield>
    <subfield code="w">ddc</subfield>
    <subfield code="y">0</subfield>
  </datafield>
  <datafield tag="952" ind1=" " ind2=" ">
    <subfield code="1">0</subfield>
    <subfield code="2">2013-03-10</subfield>
    <subfield code="4">0</subfield>
    <subfield code="7">0</subfield>
    <subfield code="a">006.696 &#xC3;&#x98;&#xC2;&#xA8; &#xC3;&#x98;&#xC2;&#xAE; &#xC3;&#x98;&#xC2;&#xA5;</subfield>
    <subfield code="d">2011-12-01</subfield>
    <subfield code="h">IC</subfield>
    <subfield code="i">00101414</subfield>
    <subfield code="m">IC</subfield>
    <subfield code="r">2013-03-10 00:00:00</subfield>
    <subfield code="t">BOOK</subfield>
    <subfield code="w">ddc</subfield>
    <subfield code="y">0</subfield>
  </datafield>
  <datafield tag="952" ind1=" " ind2=" ">
    <subfield code="1">0</subfield>
    <subfield code="2">2013-03-10</subfield>
    <subfield code="4">0</subfield>
    <subfield code="7">0</subfield>
    <subfield code="a">006.696 &#xC3;&#x98;&#xC2;&#xA8; &#xC3;&#x98;&#xC2;&#xAE; &#xC3;&#x98;&#xC2;&#xA5;</subfield>
    <subfield code="d">2011-12-01</subfield>
    <subfield code="h">IC</subfield>
    <subfield code="i">00101415</subfield>
    <subfield code="m">IC</subfield>
    <subfield code="r">2013-03-10 00:00:00</subfield>
    <subfield code="t">BOOK</subfield>
    <subfield code="w">ddc</subfield>
    <subfield code="y">0</subfield>
  </datafield>
</record>
